[Event "17th Asian Continental-ch Women 2018"]
[Site "Makati City"]
[Date "2018.12.13"]
[Round "4"]
[White "Zhu, Jiner"]
[Black "Guo, Qi"]
[Result "0-1"]
[WhiteElo "2409"]
[BlackElo "2368"]
[Annotator "NA"]
[PlyCount "48"]
[EventDate "2018.12.07"]
[EventType "swiss"]
[EventCountry "PHI"]
[SourceTitle "playchess.com"]
[Source "ChessBase"]
[SourceQuality "1"]
[TimeControl "40/5400+30:1800+30"]

{[%evp 8,45,13,13,6,5,7,0,10,13,14,14,21,3,10,22,0,-15,0,-29,-27,-50,-51,-96,-105,-81,32767,32767,32767,32767,32767,32767,-129,-583,-604,-585,-601,-606,-646,-609]} 1. e4 {[%emt 0:00:00]} c6 {[%emt 0:00:32]} 2. d4 {[%emt 0:00:00]} d5 {[%emt 0:00:08]} 3. e5 {[%emt 0:00:00]} Bf5 {[%emt 0:00:08]} 4. h4 {[%emt 0:00:00]} h5 {[%emt 0:00:12]} 5. Bd3 {[%emt 0:00:07]} Bxd3 {[%emt 0:00:09]} 6. Qxd3 {[%emt 0:00:04]} e6 {[%emt 0:00:08]} 7. Bg5 {[%emt 0:00:07] B12: Caro-Kann: Advance Variation} Be7 {[%emt 0:00:07]} 8. Nf3 {[%emt 0:00:10]} Nh6 {[%emt 0:00:08]} 9. Nbd2 {[%emt 0:02:08]} (9. Nc3 Nd7 10. Ne2 c5 11. Nf4 cxd4 12. Nxh5 Qa5+ 13. Bd2 Qb6 14. Nxg7+ Kf8 {0-1 (41) Saric,I (2664)-Le,Q (2737) chess.com INT 2018}) 9... Nf5 {[%emt 0:00:18]} 10. c4 {[%emt 0:04:23] LiveBook: 9 Games} dxc4 {[%emt 0:11:51]} 11. Nxc4 {[%emt 0:00:09]} Nd7 {[%emt 0:01:00]} 12. a3 $146 {[%emt 0:08:54]} ({Predecessor:} 12. Ne3 Nxe3 13. Qxe3 Nb6 14. Bxe7 Qxe7 {1-0 (62) Farkas,T (2317)-Kumar,N (2258) Djenovici 2018}) 12... f6 {[%emt 0:06:07]} 13. exf6 {[%emt 0:01:38]} gxf6 {[%emt 0:00:15]} 14. Bf4 {[%emt 0:04:10]} Nb6 $1 {[%emt 0:01:50]} 15. b3 {[%emt 0:08:39]} Rg8 {[%emt 0:06:47]} 16. O-O {[%emt 0:01:47]} Rg4 {[%emt 0:05:41]} 17. Nxb6 {[%emt 0:00:54]} axb6 {[%emt 0:01:05]} 18. g3 {[%emt 0:01:45]} Qd5 {[%emt 0:00:43]} 19. Rfe1 {[%emt 0:06:34]} Kf7 {[%emt 0:10:42]} ({Resist} 19... Rxa3 20. Rxa3 Bxa3 21. Ra1 $15) 20. Qc4 $2 {[%emt 0:07:41]} (20. b4 $17 {is a better chance.}) 20... Qxf3 {[%emt 0:15:50]} 21. Qxe6+ {[%emt 0:20:15]} Kg6 {[%emt 0:00:13]} 22. Qe4 {[%emt 0:01:32]} Qxe4 {[%emt 0:01:23]} 23. Rxe4 $19 {[%emt 0:00:07]} Bd6 {[%emt 0:02:21]} 24. f3 {[%emt 0:02:11]} Nxg3 {[%emt 0:00:24]} 0-1

[Event "17th Asian Continental-ch Women 2018"]
[Site "Makati City"]
[Date "2018.12.13"]
[Round "4"]
[White "Vo, Thi Kim Phung"]
[Black "Padmini, Rout"]
[Result "0-1"]
[WhiteElo "2352"]
[BlackElo "2345"]
[Annotator "RC"]
[PlyCount "82"]
[EventDate "2018.12.07"]
[EventType "swiss"]
[EventCountry "PHI"]
[SourceTitle "playchess.com"]
[Source "ChessBase"]
[SourceQuality "1"]
[TimeControl "40/5400+30:1800+30"]

1. d4 {[%emt 0:00:00]} e6 {[%emt 0:00:23]} 2. c4 {[%emt 0:00:00]} b6 {[%emt 0:00:10]} 3. Nc3 {[%emt 0:01:02]} Bb7 {[%emt 0:00:29]} 4. e4 {[%emt 0:00:23]} Bb4 {[%emt 0:00:35]} 5. Bd3 {[%emt 0:00:49]} f5 {[%emt 0:00:46]} 6. d5 {[%emt 0:01:40]} fxe4 {[%emt 0:07:44]} 7. Bxe4 {[%emt 0:00:22]} Qh4 {[%emt 0:04:35]} 8. Qd3 {[%emt 0:20:03]} Nf6 {[%emt 0:06:44]} 9. Bf3 {[%emt 0:00:14]} Na6 {[%emt 0:30:52]} 10. dxe6 {[%emt 0:19:54]} Nc5 {[%emt 0:09:07]} 11. exd7+ {[%emt 0:01:17]} Nfxd7 {[%emt 0:06:21]} 12. Qe2+ {[%emt 0:02:54]} Ne4 {[%emt 0:08:21]} 13. Bxe4 {[%emt 0:15:26]} Qxe4 {[%emt 0:01:47]} 14. Bd2 {[%emt 0:01:00]} Qxe2+ {[%emt 0:01:59]} 15. Ngxe2 {[%emt 0:00:09]} Ne5 {[%emt 0:01:45]} 16. O-O {[%emt 0:06:19]} Nxc4 {[%emt 0:00:29]} 17. Bc1 {[%emt 0:02:05]} O-O-O {[%emt 0:00:14]} 18. a3 {[%emt 0:03:06]} Be7 {[%emt 0:00:54]} 19. Bf4 {[%emt 0:02:19]} a6 {[%emt 0:03:46]} 20. b4 {[%emt 0:01:51]} g5 {[%emt 0:03:13]} 21. Bg3 {[%emt 0:00:19]} h5 {[%emt 0:00:38]} 22. h3 {[%emt 0:01:15]} h4 {[%emt 0:00:33]} 23. Bh2 {[%emt 0:00:01]} g4 {[%emt 0:02:28]} 24. hxg4 {[%emt 0:02:34]} h3 {[%emt 0:00:10]} 25. f3 {[%emt 0:02:13]} hxg2 {[%emt 0:00:35]} 26. Kxg2 {[%emt 0:01:28]} Ne3+ {[%emt 0:01:01]} 27. Kg1 {[%emt 0:00:02]} Nxf1 {[%emt 0:00:38]} 28. Rxf1 {[%emt 0:00:01]} Bf6 {[%emt 0:02:42]} 29. Ne4 {[%emt 0:01:40]} Bb2 {[%emt 0:01:02]} 30. N2g3 {[%emt 0:02:21]} Bxa3 {[%emt 0:01:55]} 31. Rb1 {[%emt 0:02:33]} Rd3 {[%emt 0:01:14]} 32. Kg2 {[%emt 0:00:41]} Rd4 {[%emt 0:01:51]} 33. Rb3 {[%emt 0:02:45]} Bxb4 {[%emt 0:00:03]} 34. Nf5 {[%emt 0:00:25]} Rxe4 {[%emt 0:00:26]} 35. fxe4 {[%emt 0:00:26]} Bxe4+ {[%emt 0:00:02]} 36. Kg3 {[%emt 0:00:01]} Be1+ {[%emt 0:00:37]} 37. Kf4 {[%emt 0:00:27]} Bxf5 {[%emt 0:00:05]} 38. gxf5 {[%emt 0:01:27]} Rxh2 {[%emt 0:00:03]} 39. f6 {[%emt 0:00:08]} Bh4 {[%emt 0:00:37]} 40. f7 {[%emt 0:00:00]} Rf2+ {[%emt 0:00:00]} 41. Kg4 {[%emt 0:07:31]} Be7 {[%emt 0:00:23]} 0-1

[Event "17th Asian Continental-ch Women 2018"]
[Site "Makati City"]
[Date "2018.12.13"]
[Round "4"]
[White "Munkhzul, Turmunkh"]
[Black "Pham, Le Thao Nguyen"]
[Result "1/2-1/2"]
[WhiteElo "2255"]
[BlackElo "2363"]
[Annotator "TA"]
[PlyCount "103"]
[EventDate "2018.12.07"]
[EventType "swiss"]
[EventCountry "PHI"]
[SourceTitle "playchess.com"]
[Source "ChessBase"]
[SourceQuality "1"]

{[%evp 19,103,46,57,46,49,42,52,29,57,31,108,98,106,114,77,85,103,97,83,0,0,0,9,0,0,6,4,-3,3,0,0,2,2,0,22,16,16,9,13,5,26,0,41,25,36,40,44,39,32,31,49,-29,0,0,12,11,19,10,45,10,18,13,10,0,0,0,0,0,19,-14,-13,-16,-21,-7,25,5,5,7,7,6,5,0,12,0,8,0]} 1. e4 c5 2. Nf3 e6 3. d4 cxd4 4. Nxd4 a6 5. Bd3 Bc5 6. Nb3 Be7 7. Qg4 Bf6 {B42: Sicilian: Kan Variation: 5 Bd3} (7... g6 8. Qe2 d6 9. a4 Nc6 10. O-O Ne5 11. Kh1 Nf6 12. Nc3 Bd7 13. f4 Nxd3 14. cxd3 O-O 15. Be3 b5 16. a5 {1-0 (48) Aronian,L (2764)-Caruana,F (2816) Paris 2018}) 8. O-O Nc6 9. f4 d6 10. Nc3 Nge7 {LiveBook: 14 Games} 11. Qg3 Ng6 12. Be3 O-O 13. Rad1 {[%cal Ba1d1,Bd1d3,Bd3h3][%mdl 32]} Qc7 14. Qf2 Nb4 $146 (14... b5 $14) ({Predecessor:} 14... b5 15. Rd2 {0-1 (51) Lis,M (2139)-Simantsev,M (2486) Darlowo 2017}) 15. Bb6 $16 Qb8 16. a3 Nxd3 17. Rxd3 Be7 18. Rh3 Bd7 19. Qd2 (19. Qe2 $16) 19... f5 $11 20. exf5 Rxf5 21. Nd4 Rf7 {[#] Threatens to win with ...e5.} 22. Rhf3 Qf8 23. Qe3 Nh4 24. R3f2 $1 Nf5 25. Nxf5 Rxf5 26. Ne2 {[%cal Bc3e2,Be2g3,Bg3e4][%mdl 32]} Qf7 27. Ng3 Rf6 28. Ne4 Rh6 29. Rd2 Bb5 30. Rf3 d5 31. Nf2 Rg6 32. Bd4 h5 33. Nd3 Bxd3 34. Qxd3 Rf8 35. f5 ({White should try} 35. Be5 $14) 35... exf5 36. Rdf2 {[%cal Rf3f5]} Qe6 37. Rxf5 Rxf5 38. Qxf5 Qe1+ 39. Rf1 Qe4 40. Qxe4 dxe4 {[%mdl 4096] Endgame KRB-KRB} 41. Rf5 Rd6 42. Be3 Rd1+ 43. Rf1 Rd5 44. Kf2 Rb5 45. Bc1 Rc5 46. c3 Rc6 47. Ke2 Rg6 {The position is equal.} 48. g3 h4 49. Bf4 Rb6 50. Bc1 Rg6 51. Bf4 Rb6 52. Bc1 {Precision: White = 48%, Black = 71%.} 1/2-1/2

[Event "17th Asian Continental-ch Women 2018"]
[Site "Makati City"]
[Date "2018.12.13"]
[Round "4.4"]
[White "Aulia, Medina Warda"]
[Black "Citra, Dewi Ardhiani Anast"]
[Result "1/2-1/2"]
[WhiteElo "2366"]
[BlackElo "2215"]
[PlyCount "30"]
[EventDate "2018.12.07"]
[EventType "swiss"]
[EventCountry "PHI"]
[TimeControl "40/5400+30:1800+30"]

1. e4 e5 2. Nf3 Nc6 3. Bb5 a6 4. Ba4 d6 5. c3 f5 6. exf5 Bxf5 7. O-O Bd3 8. Re1 Be7 9. Re3 e4 10. Ne1 Bg5 11. Rg3 Bh4 12. Re3 Bg5 13. Rg3 Bh4 14. Re3 Bg5 15. Rg3 Bh4 1/2-1/2

[Event "17th Asian Continental-ch Women 2018"]
[Site "Makati City"]
[Date "2018.12.13"]
[Round "4.5"]
[White "Hoang, Thi Bao Tram"]
[Black "Nandhidhaa, P V"]
[Result "1-0"]
[WhiteElo "2314"]
[BlackElo "2267"]
[PlyCount "135"]
[EventDate "2018.12.07"]
[EventType "swiss"]
[EventCountry "PHI"]
[TimeControl "40/5400+30:1800+30"]

1. d4 Nf6 2. Nf3 d5 3. e3 c5 4. Be2 Nc6 5. O-O cxd4 6. exd4 g6 7. c3 Bg7 8. Bf4 O-O 9. h3 Bf5 10. Nbd2 a6 11. Re1 b5 12. a4 b4 13. Qb3 bxc3 14. bxc3 Ne4 15. Bf1 Qa5 16. Nxe4 Bxe4 17. Nd2 Bf5 18. g4 Bd7 19. Qb2 e5 20. dxe5 Rab8 21. Qc2 d4 22. cxd4 Nxd4 23. Qd3 Ne6 24. Bg3 Rfd8 25. Nc4 Qc5 26. Nd6 Rb4 27. Ne4 Qd4 28. Qxa6 Bxa4 29. Ra3 Bc2 30. Nf6+ Bxf6 31. exf6 Qxf6 32. Qc6 Bb3 33. Ra8 h5 34. Rxd8+ Qxd8 35. Qc3 Rb7 36. gxh5 gxh5 37. Qf3 Bd5 38. Qxh5 Qg5 39. Qd1 Rb3 40. Kh2 Rxg3 41. fxg3 Qf5 42. Qg4+ Qxg4 43. hxg4 Ng5 44. Re8+ Kg7 45. Be2 Be6 46. Rb8 Ne4 47. Rb4 Nf6 48. Kh3 Nd5 49. Rd4 Nb6 50. Kh4 Kf6 51. Bf3 Ke5 52. Re4+ Kf6 53. g5+ Kg6 54. Bh5+ Kg7 55. g6 Bf5 56. Rb4 Nd5 57. Rb5 Be6 58. gxf7 Nf6 59. Rb7 Nd7 60. g4 Nf8 61. g5 Bf5 62. Rb8 Be4 63. Kg4 Bd3 64. g6 Bc2 65. Re8 Bb3 66. Kf5 Bc2+ 67. Kg5 Bxg6 68. Bxg6 1-0

[Event "17th Asian Continental-ch Women 2018"]
[Site "Makati City"]
[Date "2018.12.13"]
[Round "4.6"]
[White "Nguyen, Thi Thanh An"]
[Black "Gong, Qianyun"]
[Result "0-1"]
[WhiteElo "2262"]
[BlackElo "2312"]
[PlyCount "118"]
[EventDate "2018.12.07"]
[EventType "swiss"]
[EventCountry "PHI"]
[TimeControl "40/5400+30:1800+30"]

1. d4 Nf6 2. c4 e6 3. Nc3 Bb4 4. Qc2 b6 5. a3 Bxc3+ 6. Qxc3 Bb7 7. Nf3 d6 8. g3 Nbd7 9. Bg2 O-O 10. O-O Qe7 11. b4 Rac8 12. Bb2 Be4 13. Rfd1 c6 14. Rac1 Rfd8 15. a4 h6 16. Ba3 Nf8 17. Qe3 Qb7 18. Bb2 a5 19. bxa5 bxa5 20. Bc3 Ra8 21. d5 e5 22. dxc6 Qxc6 23. Bh3 Qxa4 24. Ra1 Qxc4 25. Bxa5 Nd5 26. Qd2 Re8 27. Ne1 Nf6 28. f3 Bb7 29. e3 Qd5 30. Qxd5 Nxd5 31. Kf2 e4 32. f4 Ne6 33. Bf1 Nc5 34. Bc4 Nf6 35. Rxd6 Ng4+ 36. Ke2 Nxh2 37. Bc3 Rxa1 38. Bxa1 Ra8 39. Bd4 Ba6 40. Bxa6 Nxa6 41. Bb6 Nb4 42. Rd8+ Rxd8 43. Bxd8 Nd5 44. Ba5 Ne7 45. Nc2 Nf5 46. Be1 Ng4 47. Bf2 Kh7 48. Nb4 Kg6 49. Nd5 Kh5 50. Be1 Nf6 51. Nxf6+ gxf6 52. Bc3 Nxg3+ 53. Kf2 Kg4 54. Bxf6 h5 55. Kg2 h4 56. Bd4 h3+ 57. Kh2 Nf1+ 58. Kh1 Kf3 59. Bb6 Nxe3 0-1

[Event "17th Asian Continental-ch Women 2018"]
[Site "Makati City"]
[Date "2018.12.13"]
[Round "4.7"]
[White "Ning, Kaiyu"]
[Black "Alinasab, Mobina"]
[Result "1-0"]
[WhiteElo "2247"]
[BlackElo "2295"]
[PlyCount "63"]
[EventDate "2018.12.07"]
[EventType "swiss"]
[EventCountry "PHI"]
[TimeControl "40/5400+30:1800+30"]

1. d4 Nf6 2. c4 e6 3. Nf3 a6 4. Nc3 d5 5. cxd5 exd5 6. Bg5 Be6 7. e3 Nbd7 8. Bd3 Bd6 9. Bf4 Bxf4 10. exf4 Bg4 11. Qe2+ Kf8 12. O-O c6 13. Rfe1 Bxf3 14. Qxf3 Qb6 15. g4 Qxd4 16. g5 Ne8 17. Bf5 Nb6 18. Ne2 Qb4 19. b3 Nc7 20. Ng3 Re8 21. Rxe8+ Nxe8 22. a3 Qd6 23. Re1 Nc7 24. Bg4 Ne6 25. f5 Nc7 26. f6 gxf6 27. Nf5 Qd8 28. Qh3 h5 29. gxh6 Ne6 30. h7 Nc8 31. Qh6+ Ke8 32. Qg7 1-0

[Event "17th Asian Continental-ch Women 2018"]
[Site "Makati City"]
[Date "2018.12.13"]
[Round "4.8"]
[White "Bach, Ngoc Thuy Duong"]
[Black "Gu, Tianlu"]
[Result "1/2-1/2"]
[WhiteElo "2131"]
[BlackElo "2231"]
[PlyCount "61"]
[EventDate "2018.12.07"]
[EventType "swiss"]
[EventCountry "PHI"]
[TimeControl "40/5400+30:1800+30"]

1. d4 Nf6 2. c4 e6 3. Nc3 d5 4. cxd5 Nxd5 5. e4 Nxc3 6. bxc3 c5 7. Nf3 cxd4 8. cxd4 Bb4+ 9. Bd2 Bxd2+ 10. Qxd2 O-O 11. Be2 b6 12. O-O Bb7 13. Qe3 Nc6 14. a3 h6 15. Rac1 Qd6 16. Rfd1 Rfd8 17. h3 Rac8 18. Bc4 Na5 19. Ba2 b5 20. d5 Rxc1 21. Qxc1 exd5 22. Bxd5 Bxd5 23. Rxd5 Qb6 24. Rxd8+ Qxd8 25. Qc5 a6 26. Ne5 f6 27. Nc6 Nxc6 28. Qxc6 Qa5 29. Qc8+ Kh7 30. Qf5+ Kg8 31. Qc8+ 1/2-1/2

[Event "17th Asian Continental-ch Women 2018"]
[Site "Makati City"]
[Date "2018.12.13"]
[Round "4.9"]
[White "Doroy Allaney Jia G"]
[Black "Nakhbayeva, Guliskhan"]
[Result "1-0"]
[WhiteElo "1972"]
[BlackElo "2371"]
[PlyCount "95"]
[EventDate "2018.12.07"]
[EventType "swiss"]
[EventCountry "PHI"]
[TimeControl "40/5400+30:1800+30"]

1. c4 Nf6 2. g3 c6 3. Bg2 d5 4. cxd5 cxd5 5. d4 Nc6 6. Nf3 Bf5 7. O-O e6 8. Nc3 Be7 9. Nh4 Bg4 10. h3 Bh5 11. g4 Nd7 12. Nf5 exf5 13. gxh5 Nf6 14. e3 Qd7 15. a3 O-O 16. b4 a5 17. Na4 Rad8 18. Nc5 Qc8 19. Bd2 b6 20. Nd3 Qa6 21. Qb1 b5 22. Nc5 Bxc5 23. bxc5 Ne4 24. Qd3 Qb7 25. Rfb1 Rb8 26. Be1 f4 27. Bxe4 dxe4 28. Qxe4 Qd7 29. d5 Qxh3 30. Qxf4 Ne7 31. d6 Nf5 32. f3 Qxh5 33. Rb2 Nxe3 34. Qxe3 Rbe8 35. Qc3 b4 36. axb4 axb4 37. Rxb4 f5 38. Bg3 Kh8 39. Be5 Qg5+ 40. Kf1 Rf7 41. c6 f4 42. d7 Ref8 43. c7 Qg3 44. c8=Q Qh3+ 45. Ke2 Qg2+ 46. Kd1 Qf1+ 47. Kc2 Qe2+ 48. Kb3 1-0

[Event "17th Asian Continental-ch Women 2018"]
[Site "Makati City"]
[Date "2018.12.13"]
[Round "4.10"]
[White "Li, Yunshan"]
[Black "Nithyalakshmi, Sivanesan"]
[Result "1-0"]
[WhiteElo "2196"]
[BlackElo "1942"]
[PlyCount "93"]
[EventDate "2018.12.07"]
[EventType "swiss"]
[EventCountry "PHI"]
[TimeControl "40/5400+30:1800+30"]

1. d4 d6 2. Nf3 f5 3. Nc3 Nf6 4. Bg5 Nbd7 5. e3 g6 6. Bd3 Bg7 7. e4 fxe4 8. Nxe4 Nxe4 9. Bxe4 Nf6 10. Bd3 O-O 11. h3 Be6 12. Qe2 Bf7 13. O-O Qd7 14. Rae1 Rae8 15. Bc4 Nd5 16. Qe4 c6 17. Qh4 Nc7 18. Bxf7+ Rxf7 19. Qg3 Qf5 20. c3 Qd5 21. a3 a5 22. Re2 Ne6 23. Bc1 Bf6 24. Rfe1 Ng7 25. Nd2 a4 26. Ne4 Ref8 27. Nxf6+ exf6 28. Qd3 b5 29. Bh6 Rb8 30. Bxg7 Kxg7 31. Qg3 Rd8 32. Re6 Kf8 33. Qe3 Kg7 34. Re8 Rxe8 35. Qxe8 f5 36. Qd8 f4 37. Re8 g5 38. f3 Kg6 39. Rg8+ Rg7 40. Qe8+ Kf6 41. Qf8+ Rf7 42. Qd8+ Ke6 43. Rxg5 Qb3 44. Qe8+ Kf6 45. Rg4 Qd1+ 46. Kh2 Qd2 47. Qxc6 1-0

[Event "17th Asian Continental-ch Women 2018"]
[Site "Makati City"]
[Date "2018.12.13"]
[Round "4.11"]
[White "Makhija, Aashna"]
[Black "Li, Xueyi"]
[Result "1/2-1/2"]
[WhiteElo "2181"]
[BlackElo "2187"]
[PlyCount "127"]
[EventDate "2018.12.07"]
[EventType "swiss"]
[EventCountry "PHI"]
[TimeControl "40/5400+30:1800+30"]

1. e4 c6 2. d4 d5 3. Nd2 dxe4 4. Nxe4 Nf6 5. Nxf6+ exf6 6. c3 Bd6 7. Bd3 O-O 8. Ne2 Qc7 9. Qc2 h5 10. Be3 Be6 11. h3 Re8 12. O-O Nd7 13. c4 Nf8 14. Rad1 h4 15. c5 Be7 16. Bf4 Qd7 17. Nc3 g6 18. Be3 f5 19. d5 Bxd5 20. Bc4 Bxc4 21. Rxd7 Nxd7 22. Rd1 Rad8 23. b3 Ba6 24. b4 Ne5 25. b5 Bxb5 26. Nxb5 cxb5 27. Rxd8 Rxd8 28. Qb2 Nc4 29. Qxb5 Rd1+ 30. Kh2 Nxe3 31. fxe3 Bf6 32. Qe8+ Kg7 33. Qb8 a5 34. a4 Rc1 35. Qd6 Re1 36. Qf4 Ra1 37. Qc7 g5 38. g4 Ra2+ 39. Kh1 Ra1+ 40. Kh2 fxg4 41. hxg4 Rxa4 42. Qxb7 Be5+ 43. Kg1 h3 44. Qd5 h2+ 45. Kg2 Rxg4+ 46. Kf2 Bf6 47. c6 Rg1 48. c7 Rc1 49. Kg3 h1=Q 50. Qxh1 Rxh1 51. c8=Q a4 52. Qa6 Ra1 53. Kg4 a3 54. Kf5 Bb2 55. Qb6 Rf1+ 56. Kg4 Bf6 57. Qa6 Rg1+ 58. Kf5 Bb2 59. e4 g4 60. e5 Rf1+ 61. Qxf1 a2 62. Qa6 a1=Q 63. Qf6+ Kf8 64. Qd8+ 1/2-1/2

[Event "17th Asian Continental-ch Women 2018"]
[Site "Makati City"]
[Date "2018.12.13"]
[Round "4.12"]
[White "Zhang, Xiao"]
[Black "Wang, Jue"]
[Result "0-1"]
[WhiteElo "2017"]
[BlackElo "2367"]
[PlyCount "47"]
[EventDate "2018.12.07"]
[EventType "swiss"]
[EventCountry "PHI"]
[TimeControl "40/5400+30:1800+30"]

1. d4 Nf6 2. c4 e6 3. Nf3 d5 4. e3 Nbd7 5. Bd3 a6 6. b3 Bb4+ 7. Nbd2 b6 8. O-O Bb7 9. Bb2 Rc8 10. a3 Be7 11. Qe2 dxc4 12. Nxc4 c5 13. Nce5 Ra8 14. Rfd1 Nxe5 15. dxe5 Nd7 16. Rd2 b5 17. a4 b4 18. Rad1 Qc7 19. Rc2 g5 20. Nd2 Rg8 21. Nc4 g4 22. Rcd2 Bf3 23. Qe1 Bxd1 24. Qxd1 0-1

[Event "17th Asian Continental-ch Women 2018"]
[Site "Makati City"]
[Date "2018.12.13"]
[Round "4.13"]
[White "Frayna, Janelle Mae"]
[Black "Mordido, Kylen Joy"]
[Result "1-0"]
[WhiteElo "2228"]
[BlackElo "2045"]
[PlyCount "69"]
[EventDate "2018.12.07"]
[EventType "swiss"]
[EventCountry "PHI"]
[TimeControl "40/5400+30:1800+30"]

1. e4 c5 2. Nf3 e6 3. g3 Nc6 4. Bg2 Nf6 5. Qe2 d5 6. exd5 Nxd5 7. O-O Be7 8. Rd1 Bf6 9. Nc3 O-O 10. Ne4 Be7 11. d4 cxd4 12. Nxd4 Nxd4 13. Rxd4 Qb6 14. Rd1 Rd8 15. c4 Nf6 16. Be3 Qc7 17. Rxd8+ Bxd8 18. Rd1 e5 19. Bg5 Be6 20. Bxf6 gxf6 21. b3 Be7 22. Nc3 Rd8 23. Nd5 Bxd5 24. Bxd5 Bf8 25. Qg4+ Bg7 26. Kg2 b6 27. Qh4 Rd7 28. Re1 h6 29. Re4 Qc5 30. Rg4 Rxd5 31. Qxh6 Qf8 32. cxd5 f5 33. Rxg7+ Qxg7 34. Qxg7+ Kxg7 35. h4 1-0

[Event "17th Asian Continental-ch Women 2018"]
[Site "Makati City"]
[Date "2018.12.13"]
[Round "4.14"]
[White "Karenza, Dita"]
[Black "Mendoza, Shania Mae"]
[Result "0-1"]
[WhiteElo "1944"]
[BlackElo "2165"]
[PlyCount "72"]
[EventDate "2018.12.07"]
[EventType "swiss"]
[EventCountry "PHI"]
[TimeControl "40/5400+30:1800+30"]

1. d4 d5 2. Bf4 Nf6 3. e3 g6 4. Nf3 Bg7 5. Be2 O-O 6. O-O c5 7. h3 Nc6 8. c3 b6 9. Nbd2 Bb7 10. Re1 Nd7 11. Bh2 e5 12. dxe5 Ncxe5 13. Nxe5 Nxe5 14. Nf3 Nd7 15. a4 a6 16. Qc2 Rc8 17. Rad1 Qe7 18. c4 Nf6 19. Qb3 dxc4 20. Bxc4 Bxf3 21. gxf3 Qb7 22. e4 Nh5 23. Rd6 Qe7 24. Bxa6 Ra8 25. Bf1 Bd4 26. Qc2 Qg5+ 27. Kh1 Qh4 28. Kg1 Rxa4 29. Rxb6 Rfa8 30. Qd2 Ra1 31. Kg2 Rxe1 32. Qxe1 Ra1 33. Qd2 Rd1 34. Qe2 Qg5+ 35. Kh1 Qc1 36. Kg2 Rd2 0-1

[Event "17th Asian Continental-ch Women 2018"]
[Site "Makati City"]
[Date "2018.12.13"]
[Round "4.15"]
[White "Secopito, Catherine"]
[Black "Bernales, Christy Lamiel"]
[Result "1/2-1/2"]
[WhiteElo "2145"]
[BlackElo "1996"]
[PlyCount "92"]
[EventDate "2018.12.07"]
[EventType "swiss"]
[EventCountry "PHI"]
[TimeControl "40/5400+30:1800+30"]

1. d4 Nf6 2. Nf3 d5 3. e3 g6 4. c4 Bg7 5. Nc3 O-O 6. cxd5 Nxd5 7. Qb3 Nb6 8. Be2 Nc6 9. O-O Be6 10. Qd1 Qd7 11. Ne4 Bc4 12. Nc5 Qc8 13. Bxc4 Nxc4 14. Qc2 Nd6 15. Bd2 e5 16. d5 Ne7 17. Qb3 b6 18. Na4 Rd8 19. Bc3 Qf5 20. Rfd1 c5 21. dxc6 Nxc6 22. Rd5 Ne7 23. Rdd1 b5 24. Qa3 Nec8 25. Nc5 Nb6 26. Na6 Nbc4 27. Qb3 Rac8 28. a4 bxa4 29. Rxa4 Nb6 30. Raa1 Ne4 31. Rxd8+ Rxd8 32. Ba5 Rd6 33. Nc7 Qd7 34. Na6 Qc8 35. Nb4 Nd2 36. Nxd2 Rxd2 37. Bxb6 axb6 38. Nd5 Qb7 39. e4 Bf8 40. Qc3 Rd4 41. Rc1 b5 42. Qb3 Qa6 43. Qf3 Rc4 44. Rd1 Rd4 45. Rc1 Rc4 46. Rd1 Rd4 1/2-1/2

[Event "17th Asian Continental-ch Women 2018"]
[Site "Makati City"]
[Date "2018.12.13"]
[Round "4.16"]
[White "Anisa, Aay Aisyah"]
[Black "San Diego, Marie Antoinette"]
[Result "0-1"]
[WhiteElo "1985"]
[BlackElo "2111"]
[PlyCount "116"]
[EventDate "2018.12.07"]
[EventType "swiss"]
[EventCountry "PHI"]
[TimeControl "40/5400+30:1800+30"]

1. e4 c5 2. Nf3 g6 3. d4 cxd4 4. Qxd4 Nf6 5. Bb5 Bg7 6. e5 Ng8 7. O-O a6 8. Ba4 b5 9. Bb3 Nc6 10. Qe4 f5 11. exf6 Nxf6 12. Qh4 d5 13. a4 b4 14. a5 O-O 15. Ba4 Nxa5 16. Qxb4 Bf5 17. Nc3 Rb8 18. Qh4 e6 19. Ne5 Ne4 20. Qxd8 Rfxd8 21. Nd7 Nxc3 22. bxc3 Rb7 23. Nc5 Ra7 24. Be3 Nc4 25. Nxe6 Nxe3 26. Nxd8 Nxf1 27. Kxf1 Bxc3 28. Rd1 d4 29. Nc6 Rd7 30. Ne5 Rd6 31. Ke2 Kg7 32. f4 d3+ 33. cxd3 Bxe5 34. fxe5 Bg4+ 35. Ke3 Bxd1 36. Bxd1 Rb6 37. d4 a5 38. d5 Rb4 39. Kd3 a4 40. Kc3 a3 41. Bb3 Rb6 42. h3 Kf8 43. Kc2 Rb4 44. Kc3 Re4 45. d6 Rxe5 46. Kb4 Re2 47. Kxa3 Rd2 48. Kb4 Rxd6 49. Kc3 h5 50. Bc4 Kg7 51. Bd3 Kf6 52. Kd2 Kg5 53. Ke2 Kf4 54. Bc2 Kg3 55. Kf1 g5 56. Be4 Rd1+ 57. Ke2 Rg1 58. h4 gxh4 0-1

[Event "17th Asian Continental-ch Women 2018"]
[Site "Makati City"]
[Date "2018.12.13"]
[Round "4.17"]
[White "Galas, Bernadette"]
[Black "Mejia, Cherry Ann"]
[Result "1/2-1/2"]
[WhiteElo "2100"]
[BlackElo "1980"]
[PlyCount "44"]
[EventDate "2018.12.07"]
[EventType "swiss"]
[EventCountry "PHI"]
[TimeControl "40/5400+30:1800+30"]

1. e4 Nf6 2. Nc3 d5 3. exd5 Nxd5 4. d4 Nxc3 5. bxc3 e6 6. Nf3 c5 7. Ne5 a6 8. Qf3 Qf6 9. Qg3 h6 10. Nc4 Nd7 11. Be2 b5 12. Ne5 Nxe5 13. dxe5 Qe7 14. c4 b4 15. O-O Bb7 16. Rd1 Rd8 17. Bb2 Qg5 18. Rxd8+ Qxd8 19. Qb3 Be7 20. Rd1 Qc7 21. Qg3 O-O 22. Bd3 Rd8 1/2-1/2

[Event "17th Asian Continental-ch Women 2018"]
[Site "Makati City"]
[Date "2018.12.13"]
[Round "4.18"]
[White "Wang, Ying"]
[Black "Fronda, Jan Jodilyn"]
[Result "0-1"]
[WhiteElo "1324"]
[BlackElo "2139"]
[PlyCount "108"]
[EventDate "2018.12.07"]
[EventType "swiss"]
[EventCountry "PHI"]
[TimeControl "40/5400+30:1800+30"]

1. Nf3 Nf6 2. d4 c5 3. c4 cxd4 4. Nxd4 e5 5. Nf3 Nc6 6. Nc3 Bc5 7. h3 e4 8. Nh2 O-O 9. e3 d6 10. Ng4 Bf5 11. Nxf6+ Qxf6 12. Nd5 Qe5 13. Qb3 Be6 14. Qc3 Bxd5 15. Qxe5 dxe5 16. cxd5 Nb4 17. Kd1 Rfd8 18. Bc4 Nxd5 19. Kc2 Rac8 20. Kb3 Ne7 21. a4 Rd6 22. Ka2 Nc6 23. Be2 Rcd8 24. Kb1 Na5 25. Kc2 Bb4 26. b3 Rc8+ 27. Bc4 Nxc4 28. bxc4 Rd3 29. Bb2 Rxc4+ 30. Kb1 f6 31. Ka2 Rc2 32. Rhc1 Rxf2 33. Rc8+ Kf7 34. Rc7+ Kg6 35. Rxb7 a5 36. Rc1 Rxe3 37. Rbc7 Rxg2 38. R1c2 Rxc2 39. Rxc2 Rxh3 40. Re2 Kf5 41. Bc1 g5 42. Be3 Rxe3 43. Rxe3 Kf4 44. Rb3 e3 45. Rxb4+ axb4 46. a5 e2 47. a6 e1=Q 48. a7 Qf2+ 49. Kb3 Qxa7 50. Kxb4 Qc7 51. Kb3 Qc5 52. Kb2 Qc4 53. Kb1 Qe2 54. Kc1 g4 0-1